An Introduction to Organic Chemistry
| Main Author: | |
|---|---|
| Format: | Section = Libro |
| Language: | Undetermined Spanish |
| Published: |
United Stated
Holden Day
1977
|
| Subjects: |
| LEADER | 00547nam a2200205Ia 4500 | ||
|---|---|---|---|
| 008 | 240830s9999 xx 000 0 und d | ||
| 020 | |a 0-8162-7161-5 | ||
| 040 | |a CEDOC FIQ-RUSB / 547 R445 | ||
| 041 | |a spa | ||
| 082 | |a 547 R445 | ||
| 100 | 1 | |a Reusch, William H | |
| 245 | 1 | 3 | |a An Introduction to Organic Chemistry |
| 260 | |a United Stated |b Holden Day |c 1977 | ||
| 300 | |a 817 p. :il. | ||
| 650 | 7 | |a QUÍMICA ORGÁNICA | |
| 650 | 7 | |b MÉTODOS DE PURIFICACIÓN | |
| 650 | 7 | |c FÓRMULA MOLECULAR | |
| 942 | |c BK |2 ddc | ||
| 991 | |a TEXTO | ||
| 999 | |c 13991 | ||